| 000 | 00684nam a2200253Ia 4500 | ||
|---|---|---|---|
| 001 | dia_2715 | ||
| 003 | CHAP | ||
| 005 | 20251021150226.0 | ||
| 008 | 220117s1966 xx 000 0 und d | ||
| 010 | _a173233 | ||
| 040 | _cCHAP | ||
| 082 | _a664.02 R7 | ||
| 100 |
_aReed, Gerald _995409 |
||
| 245 |
_aEnzymes in Food Processing / _c Gerald Reed |
||
| 260 |
_aNew york, Academic Press _c1966 |
||
| 300 | _a483P. | ||
| 400 | _aFOOD SCIENCE AND TECHNOLOGY | ||
| 650 |
_aAlimentos _xprocesamiento _9153370 |
||
| 650 |
_aEnzymes _9153399 |
||
| 901 | _a664.02 R7 | ||
| 902 | _aM | ||
| 905 | _a0000001966 NEW 0000000000ING00 | ||
| 942 |
_cLIBRO _2ddc |
||
| 999 |
_c173233 _d173233 |
||